What works when life doesn't / (Record no. 1565)

MARC details
000 -LEADER
fixed length control field 00690cam a2200241 i 4500
001 - CONTROL NUMBER
control field 4107928
003 - CONTROL NUMBER IDENTIFIER
control field GBCCL
005 - DATE AND TIME OF LATEST TRANSACTION
control field 20241126110404.0
008 - FIXED-LENGTH DATA ELEMENTS--GENERAL INFORMATION
fixed length control field 760422s1976 ilu 000 0 eng
010 ## -
-- 75026443
020 ## - INTERNATIONAL STANDARD BOOK NUMBER
International Standard Book Number 0882077252 :
Terms of availability $1.95
040 ## - CATALOGING SOURCE
Original cataloging agency DLC
Transcribing agency DLC
Modifying agency DLC
050 00 -
-- BS1430.4
-- .B677
082 00 - DEWEY DECIMAL CLASSIFICATION NUMBER
Classification number 252
Item number BRI
100 1# - MAIN ENTRY--PERSONAL NAME
Personal name Briscoe, D. Stuart.
9 (RLIN) 3166
245 10 - TITLE STATEMENT
Title What works when life doesn't /
Statement of responsibility, etc. Stuart Briscoe.
260 ## - PUBLICATION, DISTRIBUTION, ETC.
Place of publication, distribution, etc. Wheaton, Ill. :
Name of publisher, distributor, etc. Victor Books,
Date of publication, distribution, etc. c1976.
300 ## - PHYSICAL DESCRIPTION
Extent 143 p. ;
Dimensions 21 cm.
630 00 - SUBJECT ADDED ENTRY--UNIFORM TITLE
Uniform title Bible.
Name of part/section of a work Psalms
General subdivision Sermons.
9 (RLIN) 3167
650 #0 - SUBJECT ADDED ENTRY--TOPICAL TERM
Topical term or geographic name entry element Sermons, American.
9 (RLIN) 270
906 ## - LOCAL DATA ELEMENT F, LDF (RLIN)
a 7
b cbc
c orignew
d 2
e ocip
f 19
g y-gencatlg
942 ## - ADDED ENTRY ELEMENTS (KOHA)
Source of classification or shelving scheme Dewey Decimal Classification
Koha item type Books
Koha issues (borrowed), all copies 1
Holdings
Withdrawn status Lost status Source of classification or shelving scheme Damaged status Not for loan Home library Current Library Shelving location Date acquired Total checkouts Full call number Barcode Date last seen Date last checked out Copy number Price effective from Koha item type
    Dewey Decimal Classification     GRACE BIBLE COLLEGE GRACE BIBLE COLLEGE Ministry & Mission 2017-05-04 1 252 BRI 009856 2025-05-01 2018-02-15 c.1 2017-05-04 Books
    Dewey Decimal Classification     GRACE BIBLE COLLEGE GRACE BIBLE COLLEGE Ministry & Mission 2018-04-05   252 BRI 009857 2025-05-01   c.2 2018-04-05 Books
© Grace Bible College Library 2025